Word Lattice Quiz Stats

 Plays Quiz Updated Aug 2, 2018

Also try: Word Lattice II
Challenge
Share
Tweet
Embed
Score 0/50 Timer 03:00
0 Plays Today
% Correct
Center of an apple
99%
99%
99%
99%
99%
99%
99%
99%
99%
Umbilical ___
98.5%
Be concerned for
98.4%
Deal with problems
98.2%
Traditional knowledge
98.2%
CORE
98.1%
Ace of diamonds, e.g.
97.4%
CORD
97.2%
Shakespeare, e.g.
92.5%
A type of fish
91.8%
CARD
91.8%
Naked
88.5%
CARE
87.3%
Batman villain
86%
Rough tree coating
83.3%
BARE
83.2%
Failed SC Justice Robert
82.6%
% Correct
BARK
82%
Li'l Abner creator
76.5%
CARP
75.4%
A group of musicians
73.6%
BAND
71.5%
BARD
71.4%
Egyptian Christian
63%
Desolate or forsaken
62.8%
COPE
58.4%
LORE
58.2%
BANE
57.5%
Rank below Maj.
37.8%
___ to be Wild
37.6%
BORN
37.3%
An old fellow
34.7%
BORK
34.2%
Canadian bird
33.6%
CAPT
32.3%
LORN
32.2%
CAPP
32%
COPT
30.8%
Monetary spoils
27.6%
LOON
26.6%
LOOT
25.6%
COOT
24.2%

You're not logged in!

Compare scores with friends on all Sporcle quizzes.
Join for Free
OR
Log In

You Might Also Like...

Show Comments

Extras

Top Quizzes Today


Score Distribution

Your Account Isn't Verified!

In order to create a playlist on Sporcle, you need to verify the email address you used during registration. Go to your Sporcle Settings to finish the process.

Report this User

Report this user for behavior that violates our Community Guidelines.

Details: